000 00310nam a22001337a 4500
008 181107b xxu||||| |||| 00| 0 eng d
020 _a0495508217
041 _aeng
080 _25th
_a159.9
100 _a49
101 _aPSI
245 _aUnderstanding Generalist Practice
_cAshman, K.K.K
942 _2udc
_cBK
999 _c52149
_d52149